000 00454nam a22001697a 4500
005 20251108172026.0
008 250721s1989 xx 000 0 ara d
082 1 4 _a811.9661/منص
100 1 _aالمزغيني، منصف
245 1 0 _aحنظلة العلي /
264 1 _aاربد :
_bدار طبريا للنشر،
_c1989.
300 _a112ص
650 1 7 _aالشعر الحديث
650 1 7 _aتونس
942 _2ddc
_cBK
999 _c68568
_d68568